000 00870nam a2200277 i 4500
001 16298
003 ES-MaACL
005 20250811100102.0
007 t|
008 000828s1996 sp ||||1| spa d
020 _a84-7509-355-8
080 _a616.89
080 _a159.913
100 1 _aCaplan, Gerald.
_934856
245 1 0 _aPrincipios de psiquiatría preventiva /
_cGerald Caplan ; prefacio de Robert H. Felix.
250 _a1ª ed., 2ª reimp.
260 _aBarcelona :
_bPaidós Ibérica,
_c1996.
300 _a306 p. ;
_c22 cm.
490 1 _aPsicología, psiquiatría, psicoterapia ;
_v39
650 1 7 _aPsiquiatría
_2embne
_916586
650 1 4 _aMente y cuerpo.
_914993
700 1 _aFelix, Robet H.
_949213
830 0 _aPsicología, psiquiatría, psicoterapia ;
_v39
_9180357
852 _aES-MaACL
_jL-23596
_bR.128705
999 _c16298
_d16298